Tarjetas de Pago. Análisis de la Ley N° 20.009.

Enregistré dans:
Détails bibliographiques
Auteur principal: Arancibia Obrador, María José (autora)
Format: Inconnue
Langue:anglais
Publié: Santiago, Chile: DER Ediciones, 2024.
Édition:Segunda edición.
Collection:Monografías.
Sujets:
Tags: Ajouter un tag
Pas de tags, Soyez le premier à ajouter un tag!

MARC

LEADER 00000 a2200000 4500
003 CL-VaPUC
005 20241106112358.0
008 241030t2024 ||||| |||| 00| 0 eng d
999 |c 445337  |d 445335 
020 |a 978-956-405-182-6 
040 |c Pontificia Universidad Católica de Valparaíso 
082 |2 22  |a 343.8309944 ARA 2024 
100 |a Arancibia Obrador, María José   |9 892900  |e autora 
245 |a Tarjetas de Pago.  |b Análisis de la Ley N° 20.009. 
250 |a Segunda edición. 
260 |a Santiago, Chile:  |b DER Ediciones,  |c 2024. 
300 |a III, 223 páginas. 
490 |a Monografías. 
583 |k Yessy Díaz Vidal   |c 20241030 
650 0 |9 428366  |a Comercio electrónico  |x Medios de pago  |x Responsabilidad civil 
650 0 |9 893035  |a Tarjetas de pago  |v Derechos y obligaciones  |x Ley Nº 20.009  |z Chile 
650 0 |9 710029  |a Pago electrónico  |x Extravío, robo, hurto, etc.  |z Chile 
942 |2 ddc  |c BK 
952 |0 0  |1 0  |2 ddc  |4 0  |6 343_830994400000000_ARA_2024  |7 0  |8 A  |9 597650  |a BIBDER  |b BIBDER  |d 2024-10-28  |e 22  |g 29190.00  |i 5663097  |l 2  |o 343.8309944 ARA 2024  |p 5663097  |r 2024-11-29  |s 2024-11-25  |t 1  |v 29190.00  |w 2024-10-28  |y BK  |k DER